[Event "Bronshoj-chA"]
[Site "Copenhagen"]
[Date "2019.05.23"]
[Round "8"]
[White "Steenstrup, Svend"]
[Black "Madsen, Michael Ole"]
[Result "1/2-1/2"]
[WhiteElo "1973"]
[BlackElo "2050"]
[PlyCount "109"]
[EventDate "2019.03.07"]
[EventType "tourn"]
[EventRounds "9"]
[EventCountry "DEN"]
[SourceTitle "EXT 2020"]
[Source "ChessBase"]
[SourceDate "2019.10.17"]
[SourceVersion "1"]
[SourceVersionDate "2019.10.17"]
[SourceQuality "1"]

1. d4 d5 2. c4 c6 3. Nf3 Nf6 4. e3 Bf5 5. Nc3 e6 6. Nh4 Bg6 7. Nxg6 hxg6 8. Qb3 Qc8 9. Bd2 Nbd7 10. cxd5 exd5 11. g3 Nb6 12. a4 Qd7 13. a5 Nc8 14. Bg2 Nd6 15. h4 Qf5 16. f3 Be7 17. Ne2 0-0 18. Nf4 Qd7 19. Kf2 Rfe8 20. Nd3 Nc4 21. Bc1 Bd6 22. e4 dxe4 23. Qxc4 exd3 24. Qxd3 Rad8 25. Bh3 Qc7 26. f4 c5 27. Bd2 Bf8 28. Rhc1 Qd6 29. Rc4 Re4 30. Bg2 Rxd4 31. Rxd4 Qxd4+ 32. Qxd4 Rxd4 33. Bc3 Ne4+ 34. Ke3 Nxc3 35. bxc3 Rd7 36. Rb1 b6 37. axb6 axb6 38. c4 Rd6 39. Bd5 Be7 40. Ke4 Kf8 41. Ra1 Rd7 42. Ra8+ Rd8 43. Ra7 Rd6 44. Ke5 Rd8 45. g4 Bf6+ 46. Ke4 Be7 47. g5 Rd6 48. Rb7 Rd8 49. Rxb6 Rd6 50. Rb7 Rd8 51. f5 gxf5+ 52. Kxf5 g6+ 53. Ke4 Rd6 54. Ra7 Rb6 55. Ra8+ 1/2-1/2

[Event "Bronshoj SenSommer A"]
[Site "Bronshoj"]
[Date "2016.09.06"]
[Round "2"]
[White "Madsen, Michael Ole"]
[Black "Tandrup, Michael"]
[Result "1/2-1/2"]
[WhiteElo "2010"]
[BlackElo "2029"]
[PlyCount "62"]
[EventDate "2016.08.31"]
[EventType "swiss"]
[EventRounds "7"]
[EventCountry "DEN"]
[SourceTitle "EXT 2024"]
[Source "ChessBase"]
[SourceDate "2023.10.10"]
[SourceVersion "1"]
[SourceVersionDate "2023.10.10"]
[SourceQuality "1"]

1. d4 Nf6 2. Nf3 g6 3. c4 Bg7 4. Nc3 d5 5. cxd5 Nxd5 6. e4 Nxc3 7. bxc3 c5 8. Be3 0-0 9. h3 Qa5 10. Qd2 Nc6 11. Rd1 b6 12. Bc4 Ba6 13. Bxa6 Qxa6 14. Qe2 Qa4 15. 0-0 cxd4 16. cxd4 Rfd8 17. e5 e6 18. Rd2 Na5 19. Rc2 Rac8 20. Rfc1 Rc6 21. Ng5 Rxc2 22. Qxc2 Qxc2 23. Rxc2 h6 24. Ne4 Rb8 25. Nd6 Nb7 26. Rc7 Nxd6 27. exd6 Rd8 28. d7 Kf8 29. Rxa7 Ke7 30. Rb7 Rxd7 31. Rxb6 Bxd4 1/2-1/2

[Event "Lvov Tradition IM-A 04"]
[Site "Lvov"]
[Date "2016.04.29"]
[Round "8"]
[White "Madsen, Michael Ole"]
[Black "Shkuran, Danylo"]
[Result "0-1"]
[WhiteElo "2036"]
[BlackElo "2425"]
[PlyCount "60"]
[EventDate "2016.04.25"]
[EventType "tourn"]
[EventRounds "9"]
[EventCountry "UKR"]
[EventCategory "1"]
[SourceTitle "CBM 172 Extra"]
[Source "ChessBase"]
[SourceDate "2016.06.21"]
[SourceVersion "1"]
[SourceVersionDate "2016.06.21"]
[SourceQuality "1"]

1. d4 Nf6 2. c4 g6 3. Nc3 Bg7 4. Nf3 0-0 5. Bf4 d6 6. e3 Nfd7 7. h3 e5 8. Bh2 Nc6 9. Be2 f5 10. Qd2 e4 11. Ng1 Nf6 12. h4 Ne7 13. Nh3 d5 14. Be5 h6 15. Rc1 c6 16. cxd5 Nfxd5 17. f4 exf3 18. gxf3 Bxe5 19. dxe5 Kh7 20. f4 Qb6 21. Kf2 Rd8 22. Na4 Qc7 23. Qc2 Be6 24. Nc5 Bf7 25. a3 b6 26. Nb3 c5 27. Nd4 Nxe3 28. Qa4 Ng4+ 29. Kg1 Nxe5 30. fxe5 Qxe5 0-1

[Event "Bronshoj-ch B"]
[Site "Bronshoj"]
[Date "2016.03.20"]
[Round "1"]
[White "Tandrup, Michael"]
[Black "Madsen, Michael Ole"]
[Result "1/2-1/2"]
[WhiteElo "1961"]
[BlackElo "2036"]
[PlyCount "81"]
[EventDate "2016.03.17"]
[EventType "swiss"]
[EventRounds "9"]
[EventCountry "DEN"]
[SourceTitle "EXT 2024"]
[Source "ChessBase"]
[SourceDate "2023.10.10"]
[SourceVersion "1"]
[SourceVersionDate "2023.10.10"]
[SourceQuality "1"]

1. Nf3 d5 2. g3 Nf6 3. Bg2 c6 4. 0-0 h6 5. b3 Bf5 6. Bb2 e6 7. d4 Nbd7 8. Nbd2 Bd6 9. c4 0-0 10. h3 Ne4 11. Ne5 Qc7 12. Nxd7 Qxd7 13. Nxe4 Bxe4 14. cxd5 exd5 15. e3 Rfe8 16. a3 Qf5 17. Bxe4 Rxe4 18. Kg2 Qg6 19. Qe1 Rae8 20. Bc1 h5 21. Rg1 h4 22. g4 f5 23. f3 Bg3 24. Qd1 fxg4 25. hxg4 Rf8 26. Ra2 Bc7 27. Kh3 Re6 28. Rf2 Bg3 29. Rff1 Qf7 30. b4 Rf6 31. f4 Qe7 32. g5 Rf5 33. Qh5 Qe6 34. Qg4 Qe4 35. Rg2 Qe7 36. Rh1 Qe4 37. Rf1 Qd3 38. Qd1 Qe4 39. Qg4 Qd3 40. Qd1 Qe4 41. Qg4 1/2-1/2

[Event "Copenhagen Bronshoj op"]
[Site "Copenhagen"]
[Date "2016.??.??"]
[Round "4"]
[White "Mouritsen, Jan"]
[Black "Madsen, Michael Ole"]
[Result "1-0"]
[WhiteElo "1802"]
[BlackElo "2071"]
[PlyCount "73"]
[EventDate "2016.02.12"]
[EventType "swiss"]
[EventRounds "7"]
[EventCountry "DEN"]
[SourceTitle "CBM 170 Extra"]
[Source "ChessBase"]
[SourceDate "2016.02.25"]
[SourceVersion "1"]
[SourceVersionDate "2016.02.25"]
[SourceQuality "1"]

1. d4 d5 2. Nf3 Nf6 3. c4 c6 4. Nc3 dxc4 5. e4 b5 6. e5 Nd5 7. a4 a6 8. axb5 Nxc3 9. bxc3 cxb5 10. Ng5 Ra7 11. Qh5 Qd5 12. Be2 g6 13. Qh4 f6 14. exf6 exf6 15. Ne4 Nd7 16. 0-0 Be7 17. Bf3 Qf5 18. Re1 Kd8 19. Qg3 Bb7 20. Bf4 h5 21. Bc7+ Kc8 22. Ba5 Bd5 23. Re3 h4 24. Nd6+ Bxd6 25. Qxd6 Bxf3 26. Rxf3 Qg5 27. Re1 h3 28. Qc6+ Kb8 29. Rxh3 Rc8 30. Qd6+ Ka8 31. Rhe3 Nb8 32. h3 Rd7 33. Qe6 Rc6 34. Qg8 Kb7 35. Re8 Qf4 36. g3 Qd6 37. R1e6 1-0

[Event "Koge Xtracon op"]
[Site "Koge"]
[Date "2014.10.17"]
[Round "8"]
[White "Madsen, Michael Ole"]
[Black "Akdag, Dara Sevkan"]
[Result "0-1"]
[WhiteElo "2071"]
[BlackElo "2193"]
[PlyCount "48"]
[EventDate "2014.10.11"]
[EventType "swiss"]
[EventRounds "9"]
[EventCountry "DEN"]
[SourceTitle "EXT 2015"]
[Source "ChessBase"]
[SourceDate "2014.11.20"]
[SourceVersion "1"]
[SourceVersionDate "2014.11.20"]
[SourceQuality "1"]

1. d4 Nf6 2. Nf3 c5 3. c3 g6 4. Bf4 Bg7 5. e3 Qb6 6. Qb3 0-0 7. h3 Nc6 8. Nbd2 d6 9. Be2 Be6 10. Bc4 Bxc4 11. Nxc4 Qa6 12. 0-0 b5 13. Ncd2 b4 14. dxc5 bxc3 15. bxc3 dxc5 16. Rab1 Nd7 17. Qb7 Qxb7 18. Rxb7 Nb6 19. c4 e5 20. Bg3 Rfc8 21. Nb3 Nd8 22. Re7 f6 23. Nxe5 fxe5 24. Bxe5 Bf8 0-1

[Event "Koge Xtracon op"]
[Site "Koge"]
[Date "2014.10.12"]
[Round "2"]
[White "Madsen, Michael Ole"]
[Black "Carstensen, Jacob"]
[Result "0-1"]
[WhiteElo "2071"]
[BlackElo "2357"]
[PlyCount "84"]
[EventDate "2014.10.11"]
[EventType "swiss"]
[EventRounds "9"]
[EventCountry "DEN"]
[SourceTitle "EXT 2015"]
[Source "ChessBase"]
[SourceDate "2014.11.20"]
[SourceVersion "1"]
[SourceVersionDate "2014.11.20"]
[SourceQuality "1"]

1. d4 Nf6 2. c4 g6 3. Nc3 Bg7 4. Nf3 0-0 5. Bf4 d6 6. e3 Nbd7 7. Be2 c6 8. 0-0 a6 9. h3 b5 10. Nd2 b4 11. Nce4 Nxe4 12. Nxe4 Bb7 13. Qd2 a5 14. Rfd1 d5 15. cxd5 cxd5 16. Ng5 Qb6 17. Rdc1 Rfc8 18. Nf3 f6 19. Bg3 Ba6 20. Rc2 Rxc2 21. Qxc2 Rc8 22. Qd2 Bxe2 23. Qxe2 Qc6 24. Ne1 e5 25. Nd3 Qa6 26. e4 exd4 27. exd5 Ne5 28. Rd1 Nxd3 29. Rxd3 Bf8 30. d6 Kg7 31. d7 Rd8 32. Qe8 Rxe8 33. dxe8Q Qxd3 34. Qd7+ Kh6 35. Qf7 Bg7 36. Kh2 Qf5 37. Qc7 d3 38. Qf4+ Qxf4 39. Bxf4+ g5 40. Bd2 f5 41. a3 Bxb2 42. axb4 a4 0-1

[Event "Koge Xtracon op"]
[Site "Koge"]
[Date "2014.10.12"]
[Round "3"]
[White "Nielsen, Bjorn1"]
[Black "Madsen, Michael Ole"]
[Result "0-1"]
[WhiteElo "1398"]
[BlackElo "2071"]
[PlyCount "80"]
[EventDate "2014.10.11"]
[EventType "swiss"]
[EventRounds "9"]
[EventCountry "DEN"]
[SourceTitle "EXT 2015"]
[Source "ChessBase"]
[SourceDate "2014.11.20"]
[SourceVersion "1"]
[SourceVersionDate "2014.11.20"]
[SourceQuality "1"]

1. e4 c6 2. Nc3 d5 3. exd5 cxd5 4. d4 Nc6 5. Bb5 Bf5 6. a3 e6 7. Bd2 Nf6 8. Nce2 Bd6 9. Ng3 Bg6 10. N1e2 Rc8 11. c3 0-0 12. 0-0 Qb6 13. Bxc6 bxc6 14. b4 a5 15. Qb3 Bd3 16. Rfe1 c5 17. dxc5 Bxc5 18. Nd4 Bxd4 19. cxd4 Qxd4 20. Be3 Qc4 21. Qb2 axb4 22. axb4 Rb8 23. Bc5 Qxc5 24. Ra4 Rfc8 25. Ne2 Bxe2 26. Qxe2 Rxb4 27. Raa1 Rc4 28. g3 Rc2 29. Qf1 Ne4 30. Rxe4 dxe4 31. Kg2 e3 32. Kf3 Rxf2+ 33. Qxf2 exf2 34. Rf1 Qf5+ 35. Kg2 Rc2 36. h4 Qe4+ 37. Kh2 Qe2 38. Kg2 h5 39. g4 Qxg4+ 40. Kh1 Qh3# 0-1